[Event "HEM A-Turnier"]
[Site "Frankfurt-Zeilsheim"]
[Date "2018.??.??"]
[Round "5.14"]
[White "Waffenschmidt, Joachim"]
[Black "Kempf, Alexander"]
[Result "1-0"]
[WhiteElo "1995"]
[BlackElo "1862"]
[PlyCount "73"]
[EventDate "2018.??.??"]
[EventType "swiss"]
[EventRounds "7"]
[EventCountry "GER"]
[WhiteTeam "SC Brett vorm Kopp"]
[BlackTeam "1. Hainstadter SC"]

1. d4 f5 2. Bg5 d6 3. e3 Nd7 4. Bd3 c6 5. Nd2 Qa5 6. b4 Qxb4 7. Bxf5 g6 8. Bd3
Bg7 9. h4 Qa5 10. Ngf3 Ngf6 11. Kf1 O-O 12. Kg1 Qc7 13. h5 gxh5 14. Nh4 h6 15.
Bxf6 Nxf6 16. Ng6 Rf7 17. Nf4 Ng4 18. Bg6 Rxf4 19. exf4 Bxd4 20. Ne4 Qb6 21.
Qf1 Bxa1 22. Qxa1 d5 23. Bxh5 c5 24. Qd1 dxe4 25. Bxg4 Bxg4 26. Qxg4+ Kh7 27.
Qf5+ Qg6 28. Qxc5 Rg8 29. g3 Qg4 30. Qxe7+ Rg7 31. Qxe4+ Qg6 32. f5 Qf6 33. Kg2
Rc7 34. Rd1 Kg7 35. Qf4 Qc6+ 36. Kh3 Qxc2 37. Rd6 1-0

[Event "HEM A-Turnier"]
[Site "Frankfurt-Zeilsheim"]
[Date "2018.??.??"]
[Round "5.15"]
[White "Scallan, Fiachra"]
[Black "Krueger, Till"]
[Result "1/2-1/2"]
[WhiteElo "1949"]
[BlackElo "1989"]
[PlyCount "48"]
[EventDate "2018.??.??"]
[EventType "swiss"]
[EventRounds "7"]
[EventCountry "GER"]
[BlackTeam "SC Nidderau"]

1. e4 d6 2. d4 Nf6 3. Nc3 e5 4. dxe5 dxe5 5. Qxd8+ Kxd8 6. Bc4 Be6 7. Bxe6 fxe6
8. Be3 Bd6 9. O-O-O Ke7 10. Nf3 a6 11. h3 Nbd7 12. Nd2 b5 13. Rhe1 h6 14. f3
Nb6 15. Nb3 b4 16. Ne2 Nc4 17. Bf2 Nd7 18. Nd2 Ndb6 19. Nxc4 Nxc4 20. Ng3 a5
21. Nf1 a4 22. Nd2 Na5 23. b3 axb3 24. axb3 Ra6 1/2-1/2

[Event "HEM A-Turnier"]
[Site "Frankfurt-Zeilsheim"]
[Date "2018.??.??"]
[Round "5.16"]
[White "Romero Flores, Antonio Cesar Feli"]
[Black "Ochs, Daniel Elias"]
[Result "1-0"]
[WhiteElo "1964"]
[BlackElo "1633"]
[PlyCount "95"]
[EventDate "2018.??.??"]
[EventType "swiss"]
[EventRounds "7"]
[EventCountry "GER"]
[WhiteTeam "VSG Offenbach"]
[BlackTeam "Wiesbadener SV"]

1. Nf3 d5 2. d4 Nf6 3. Bg5 e6 4. Nbd2 c5 5. e3 Be7 6. c3 Nc6 7. Bd3 Qc7 8. Rc1
c4 9. Bb1 b5 10. O-O h6 11. Bxf6 gxf6 12. e4 dxe4 13. Nxe4 f5 14. Ng3 Bb7 15.
Re1 O-O-O 16. b3 Na5 17. Qe2 Bg5 18. Rcd1 Bd5 19. Bc2 Rd6 20. b4 Nc6 21. a4 a6
22. Ra1 Qb7 23. Ra2 Kc7 24. Rea1 Ne7 25. Nxg5 hxg5 26. Qe5 Ra8 27. Bxf5 Nc6 28.
Qe3 exf5 29. Nxf5 Re6 30. Qg3+ Kd7 31. Ne3 Ne7 32. axb5 Qxb5 33. Ra5 Qb7 34.
Qh3 g4 35. Qh4 Rxe3 36. fxe3 f5 37. Qh7 Kd6 38. e4 Bxe4 39. Re1 Ra7 40. Qh8 Nc6
41. Qf6+ Kd7 42. Rxe4 fxe4 43. Rh5 Qb6 44. Rh7+ Kc8 45. Qe6+ Kb8 46. Rh8+ Kc7
47. Rc8+ Kb7 48. Qd7+ 1-0

[Event "HEM A-Turnier"]
[Site "Frankfurt-Zeilsheim"]
[Date "2018.??.??"]
[Round "5.17"]
[White "Bethke, Robert"]
[Black "Blaschke, Henri Johannes"]
[Result "1/2-1/2"]
[WhiteElo "1894"]
[BlackElo "1814"]
[PlyCount "81"]
[EventDate "2018.??.??"]
[EventType "swiss"]
[EventRounds "7"]
[EventCountry "GER"]
[WhiteTeam "SF Neuberg"]
[BlackTeam "SK Vellmar"]

1. c4 e6 2. Nc3 d5 3. d4 Be7 4. Nf3 Nf6 5. Bf4 O-O 6. e3 c5 7. Bd3 cxd4 8. exd4
dxc4 9. Bxc4 Nbd7 10. O-O Nb6 11. Bd3 Nbd5 12. Be5 b6 13. Nxd5 Qxd5 14. b3 Bb7
15. Bc4 Qe4 16. Rc1 Qg4 17. Be2 Rac8 18. h3 Qe4 19. Qd2 Qd5 20. Bc4 Qd7 21. Qe2
Nd5 22. Bb5 Qd8 23. Bc4 Qd7 24. Nd2 Nf6 25. a4 Rfd8 26. Nf3 h6 27. Rfd1 Ne4 28.
Nd2 Nxd2 29. Qxd2 Bd6 30. Qe2 Bxe5 31. dxe5 Qc6 32. Qg4 Rxd1+ 33. Rxd1 Qe8 34.
Rd6 Rd8 35. Bb5 Qe7 36. Qd4 Bd5 37. Rxd8+ Qxd8 38. Bc4 Qa8 39. Bxd5 exd5 40. f4
Qc6 41. Kh2 1/2-1/2

[Event "HEM A-Turnier"]
[Site "Frankfurt-Zeilsheim"]
[Date "2018.??.??"]
[Round "5.18"]
[White "Haack, Kevin"]
[Black "Bajorski, Leszek"]
[Result "1/2-1/2"]
[WhiteElo "1846"]
[BlackElo "1970"]
[PlyCount "55"]
[EventDate "2018.??.??"]
[EventType "swiss"]
[EventRounds "7"]
[EventCountry "GER"]
[WhiteTeam "SC Bad Soden"]
[BlackTeam "SV Hofheim"]

1. c4 Nf6 2. Nc3 c5 3. g3 e6 4. Bg2 d5 5. cxd5 exd5 6. d4 cxd4 7. Qxd4 Nc6 8.
Qd1 d4 9. Ne4 Nxe4 10. Bxe4 Be7 11. Bg2 O-O 12. Nf3 Bf5 13. O-O Bf6 14. Ne1 Qb6
15. Nd3 Rfe8 16. Re1 Nb4 17. Nxb4 Qxb4 18. a3 Qb5 19. a4 Qb4 20. Qd2 Qe7 21. b3
d3 22. Ba3 Qe6 23. exd3 Qxb3 24. Rxe8+ Rxe8 25. d4 Qxa4 26. Bb2 Qb5 27. Rxa7
Be4 28. Bxe4 1/2-1/2

[Event "HEM A-Turnier"]
[Site "Frankfurt-Zeilsheim"]
[Date "2018.??.??"]
[Round "5.19"]
[White "Jayakumar, Nivesh"]
[Black "Weil, Michael"]
[Result "1-0"]
[WhiteElo "1687"]
[BlackElo "1957"]
[PlyCount "77"]
[EventDate "2018.??.??"]
[EventType "swiss"]
[EventRounds "7"]
[EventCountry "GER"]
[WhiteTeam "SV Ffm-Griesheim"]
[BlackTeam "SC Steinbach"]

1. e4 Nf6 2. e5 Nd5 3. c4 Nb6 4. d4 d6 5. exd6 exd6 6. Nc3 Be7 7. Bd3 Nc6 8.
Nge2 O-O 9. O-O Bf6 10. Be3 Nb4 11. Ng3 Nxd3 12. Qxd3 d5 13. cxd5 Nxd5 14. Nce4
Be7 15. Bd2 f5 16. Nc3 Kh8 17. Rae1 Nb6 18. Nh5 c6 19. Qg3 Rf7 20. Bf4 Nd7 21.
Re3 Nf6 22. Qf3 Bd7 23. Ng3 Qa5 24. Rfe1 Bf8 25. Be5 Kg8 26. h3 Nd5 27. R3e2
Bb4 28. Rc1 Re8 29. Rcc2 Bf8 30. Nh5 Be6 31. Qg3 Nxc3 32. bxc3 Kh8 33. Qf4 Qd8
34. h4 Kg8 35. Re3 Be7 36. Rg3 g6 37. Qh6 Bxh4 38. Rxg6+ hxg6 39. Qh8# 1-0

[Event "HEM A-Turnier"]
[Site "Frankfurt-Zeilsheim"]
[Date "2018.??.??"]
[Round "5.20"]
[White "Philipp, Jan"]
[Black "Wolff, Peter"]
[Result "0-1"]
[WhiteElo "1787"]
[BlackElo "1917"]
[PlyCount "110"]
[EventDate "2018.??.??"]
[EventType "swiss"]
[EventRounds "7"]
[EventCountry "GER"]
[WhiteTeam "SC Frankfurt-West"]
[BlackTeam "VSG Offenbach"]

1. e4 c6 2. d4 d5 3. e5 Bf5 4. h4 h6 5. Bd3 Bxd3 6. Qxd3 e6 7. c3 Nd7 8. b3 Qb6
9. Ne2 Ne7 10. Nd2 c5 11. Nf3 Nc6 12. O-O cxd4 13. cxd4 Rc8 14. a3 Be7 15. g4
Qd8 16. Nf4 Nb6 17. Nh5 Kd7 18. Bd2 Qf8 19. a4 Kc7 20. Rfc1 Kb8 21. Qb5 Qe8 22.
a5 Nxe5 23. Qxe8 Nxf3+ 24. Kg2 Nxh4+ 25. Kg3 Rhxe8 26. axb6 a6 27. Bf4+ Ka8 28.
Bc7 g5 29. f4 Bd8 30. Ra2 Bxc7 31. bxc7 Re7 32. Rac2 b6 33. Nf6 Kb7 34. Ng8
Rexc7 35. Rxc7+ Rxc7 36. Rxc7+ Kxc7 37. Nxh6 Ng6 38. fxg5 Nh8 39. Kf4 Kd6 40.
Ng8 a5 41. Nh6 b5 42. Nxf7+ Nxf7 43. g6 Nh6 44. Kg5 Ng8 45. g7 a4 46. bxa4 bxa4
47. Kg6 a3 48. Kf7 Ne7 49. g8=Q Nxg8 50. Kxg8 a2 51. g5 a1=Q 52. g6 Qxd4 53.
Kf7 e5 54. g7 Qa7+ 55. Kf6 Qxg7+ 0-1

[Event "HEM A-Turnier"]
[Site "Frankfurt-Zeilsheim"]
[Date "2018.??.??"]
[Round "5.21"]
[White "Ullmann, Ralf"]
[Black "Schmitt, Carsten"]
[Result "0-1"]
[WhiteElo "1910"]
[BlackElo "1957"]
[PlyCount "68"]
[EventDate "2018.??.??"]
[EventType "swiss"]
[EventRounds "7"]
[EventCountry "GER"]
[WhiteTeam "SC Eschwege"]
[BlackTeam "SV Bergwinkel"]

1. e4 e6 2. d4 d5 3. e5 c5 4. c3 Qb6 5. Nf3 Nc6 6. Be2 f6 7. O-O fxe5 8. Nxe5
Nf6 9. Nxc6 bxc6 10. b3 Bd6 11. Ba3 O-O 12. dxc5 Bxc5 13. Bxc5 Qxc5 14. Qd4 Qd6
15. Nd2 e5 16. Qh4 Bf5 17. c4 d4 18. Bf3 Rae8 19. Ne4 Nxe4 20. Bxe4 Bxe4 21.
Qxe4 Rf4 22. Qc2 e4 23. c5 Qd5 24. Rac1 Ref8 25. Qc4 Qxc4 26. Rxc4 e3 27. f3 d3
28. Rxf4 Rxf4 29. Rb1 Rd4 30. Kf1 Kf7 31. g3 Ke6 32. Ra1 Kd5 33. Rc1 a5 34. h4
a4 0-1

[Event "HEM A-Turnier"]
[Site "Frankfurt-Zeilsheim"]
[Date "2018.??.??"]
[Round "5.22"]
[White "Feicht, Arno"]
[Black "Froehlich Dill, Astrid"]
[Result "1/2-1/2"]
[WhiteElo "1929"]
[BlackElo "1866"]
[PlyCount "122"]
[EventDate "2018.??.??"]
[EventType "swiss"]
[EventRounds "7"]
[EventCountry "GER"]
[WhiteTeam "SV Alsfeld"]
[BlackTeam "SV Hofheim"]

1. e4 c5 2. a3 Nc6 3. b4 cxb4 4. axb4 Nxb4 5. d4 Qc7 6. c3 Na6 7. f4 Nf6 8. Bd3
g6 9. Qb3 Bh6 10. e5 Qc6 11. Ne2 Ng4 12. O-O Bg7 13. f5 Bxe5 14. h3 Nc5 15. Qc2
Nxd3 16. Qxd3 Bh2+ 17. Kh1 h5 18. fxg6 fxg6 19. Qf3 Qxf3 20. gxf3 Bd6 21. fxg4
hxg4 22. Bf4 Rxh3+ 23. Kg2 b6 24. Bxd6 Bb7+ 25. Kf2 Rf3+ 26. Ke1 Rxf1+ 27. Kxf1
exd6 28. Nd2 Ke7 29. Kg1 a5 30. Ng3 Rc8 31. Ra3 d5 32. Kf2 Kd6 33. Ke3 Rf8 34.
Ra1 Ba6 35. Rh1 a4 36. Rh6 Rf6 37. Nde4+ dxe4 38. Nxe4+ Ke6 39. Nxf6 Kxf6 40.
Rh8 Bc4 41. Ra8 b5 42. Kf4 Be6 43. Ra6 g5+ 44. Ke4 d5+ 45. Ke3 Ke7 46. Kf2 Bf5
47. Kg3 Bd7 48. Rb6 Kd8 49. Rd6 Kc7 50. Rxd5 a3 51. Re5 a2 52. Re1 Kd6 53. Ra1
Be6 54. Kf2 Kc6 55. Ke3 b4 56. cxb4 Kb5 57. Ke4 Kxb4 58. d5 Bxd5+ 59. Kxd5 Kb3
60. Rg1 Kb2 61. Rg2+ Kb3 1/2-1/2

[Event "HEM A-Turnier"]
[Site "Frankfurt-Zeilsheim"]
[Date "2018.??.??"]
[Round "5.23"]
[White "Hemmerich, Luca"]
[Black "Schimmer, Michael"]
[Result "1-0"]
[WhiteElo "1896"]
[BlackElo "1830"]
[PlyCount "101"]
[EventDate "2018.??.??"]
[EventType "swiss"]
[EventRounds "7"]
[EventCountry "GER"]
[WhiteTeam "SC Tornado Wuppertal"]
[BlackTeam "SC Frankfurt-West"]

1. d4 Nf6 2. c4 e6 3. Nc3 Bb4 4. e3 O-O 5. Bd3 d5 6. Nf3 dxc4 7. Bxc4 Nd5 8.
Bd2 c6 9. O-O Nd7 10. e4 Nxc3 11. bxc3 Be7 12. Bf4 b5 13. Bd3 Bb7 14. Qe2 a6
15. Rad1 Qa5 16. Qc2 Rfd8 17. Rfe1 Rac8 18. Re3 Nf8 19. c4 Ng6 20. Bg3 Rd7 21.
Bf1 Qd8 22. Red3 Bf8 23. c5 a5 24. R3d2 Ba6 25. h4 h5 26. e5 Be7 27. Qe4 Rd5
28. Bd3 Rc7 29. Rb1 Bb7 30. Rbd1 Rcd7 31. Bf4 Bxh4 32. g3 Be7 33. Kg2 Nxf4+ 34.
Qxf4 g6 35. Rh1 Rxd4 36. Nxd4 Rxd4 37. Qf3 Bg5 38. Rdd1 Qe7 39. Bxg6 Rxd1 40.
Bh7+ Kg7 41. Qxd1 Qxc5 42. Rxh5 Qc1 43. Qg4 c5+ 44. Be4 Bxe4+ 45. Qxe4 Bh6 46.
Qg4+ Kh7 47. Qe4+ Kg7 48. Qg4+ Kh7 49. Qf3 Kg8 50. Qf6 Bg7 51. Rg5 1-0

[Event "HEM A-Turnier"]
[Site "Frankfurt-Zeilsheim"]
[Date "2018.??.??"]
[Round "6.1"]
[White "Wachsmann, Dietmar"]
[Black "Leidorf, Sebastian"]
[Result "1/2-1/2"]
[WhiteElo "2026"]
[BlackElo "2100"]
[PlyCount "61"]
[EventDate "2018.??.??"]
[EventType "swiss"]
[EventRounds "7"]
[EventCountry "GER"]
[WhiteTeam "SC Groß-Umstadt"]
[BlackTeam "SV Bergwinkel"]

1. e4 e6 2. d4 d5 3. exd5 exd5 4. Nf3 Nf6 5. c4 Bb4+ 6. Nc3 O-O 7. Bd3 Re8+ 8.
Be3 dxc4 9. Bxc4 Be6 10. Qb3 Bxc4 11. Qxc4 Nc6 12. O-O Bxc3 13. bxc3 Qd5 14.
Qd3 Na5 15. Nd2 b5 16. a4 a6 17. Rfb1 Nc4 18. Bf4 Qc6 19. Nxc4 bxc4 20. Qg3 Nh5
21. Qg5 Nxf4 22. Qxf4 Rab8 23. h3 Rb3 24. Re1 h6 25. Rxe8+ Qxe8 26. Qxc7 Rxc3
27. d5 Qe4 28. d6 Rd3 29. Rb1 Qd5 30. d7 Qxd7 31. Qxc4 1/2-1/2

[Event "HEM A-Turnier"]
[Site "Frankfurt-Zeilsheim"]
[Date "2018.??.??"]
[Round "6.2"]
[White "Meyer, Kai Christian"]
[Black "Will, Dominik"]
[Result "1-0"]
[WhiteElo "2203"]
[BlackElo "2135"]
[PlyCount "59"]
[EventDate "2018.??.??"]
[EventType "swiss"]
[EventRounds "7"]
[EventCountry "GER"]
[WhiteTeam "SF Schöneck"]
[BlackTeam "SC Bad Nauheim"]

1. c4 Nf6 2. Nc3 g6 3. g3 Bg7 4. Bg2 O-O 5. Nf3 d6 6. O-O a6 7. d3 e5 8. a4 h6
9. a5 Be6 10. Qb3 Nbd7 11. Nd2 Rb8 12. Qa3 Re8 13. b4 c6 14. Rb1 d5 15. Na4 Nh7
16. Qa2 d4 17. Ne4 f5 18. Nd6 Re7 19. Nc5 Nxc5 20. bxc5 Nf6 21. Rb6 Rc7 22. Ba3
Nd7 23. Rb3 e4 24. dxe4 fxe4 25. Bxe4 Ne5 26. Qc2 Qf6 27. Bb2 Nd7 28. e3 Nxc5
29. Bxd4 Qg5 30. f4 1-0

[Event "HEM A-Turnier"]
[Site "Frankfurt-Zeilsheim"]
[Date "2018.??.??"]
[Round "6.3"]
[White "Chandler, Patrick"]
[Black "Syed, Tareq"]
[Result "1-0"]
[WhiteElo "2143"]
[BlackElo "2051"]
[PlyCount "129"]
[EventDate "2018.??.??"]
[EventType "swiss"]
[EventRounds "7"]
[EventCountry "GER"]
[WhiteTeam "SC Nied"]
[BlackTeam "SC Brett vorm Kopp"]

1. Nf3 d6 2. d4 g6 3. e4 Bg7 4. Bc4 e6 5. Bg5 Ne7 6. Nc3 a6 7. a4 b6 8. Qe2 Nd7
9. d5 e5 10. Nd2 h6 11. Be3 O-O 12. g4 Nf6 13. f3 Bd7 14. Nb3 Bc8 15. Qg2 Kh7
16. Nc1 Bd7 17. N1e2 b5 18. Bb3 c6 19. dxc6 Bxc6 20. h4 d5 21. Bc5 dxe4 22.
fxe4 Qc7 23. Bxe7 Qxe7 24. g5 Nh5 25. Nd5 Qc5 26. Qg1 Qxg1+ 27. Rxg1 Bxd5 28.
Bxd5 Rac8 29. c3 Rc7 30. axb5 axb5 31. Ra5 Rb8 32. Rf1 f6 33. Ra6 b4 34. c4
hxg5 35. hxg5 fxg5 36. b3 Nf4 37. Rh1+ Bh6 38. Ng3 g4 39. Nf5 Nh3 40. Nh4 Rf8
41. Nxg6 Rf3 42. Nxe5 Rxb3 43. Nxg4 Rb1+ 44. Ke2 Nf4+ 45. Kf3 Rxh1 46. Nf6+ Kh8
47. Ra8+ Kg7 48. Ne8+ Kg6 49. Nxc7 Rf1+ 50. Kg3 b3 51. Rb8 Rb1 52. Rb6+ Kh7 53.
e5 Ne2+ 54. Kf2 Nc3 55. Be6 Kg7 56. Bf5 Rb2+ 57. Kf3 Bc1 58. Nb5 Nd1 59. Rg6+
Kf8 60. Be6 Rf2+ 61. Kg3 Ke8 62. Rg8+ Rf8 63. Rg7 b2 64. Nd6+ Kd8 65. Rd7# 1-0

[Event "HEM A-Turnier"]
[Site "Frankfurt-Zeilsheim"]
[Date "2018.??.??"]
[Round "6.4"]
[White "Flach, Erich"]
[Black "Stock, Juergen"]
[Result "1-0"]
[WhiteElo "2127"]
[BlackElo "1927"]
[PlyCount "55"]
[EventDate "2018.??.??"]
[EventType "swiss"]
[EventRounds "7"]
[EventCountry "GER"]
[WhiteTeam "SK Langen"]
[BlackTeam "Sfr. Kelkheim"]

1. c4 e6 2. g3 f5 3. Bg2 Nf6 4. Nf3 Be7 5. O-O O-O 6. d3 Nc6 7. Nc3 d6 8. a3 a5
9. Rb1 Bd7 10. b4 axb4 11. axb4 Qe8 12. Nb5 Bd8 13. Qb3 Kh8 14. Bd2 Qh5 15. Ra1
Rxa1 16. Rxa1 e5 17. Qd1 e4 18. Ne1 Ne5 19. f3 Bxb5 20. cxb5 d5 21. Bf4 Qe8 22.
Ra8 Qe7 23. dxe4 fxe4 24. Qd4 Ned7 25. e3 c6 26. bxc6 Bb6 27. Rxf8+ Nxf8 28.
Qxb6 1-0

[Event "HEM A-Turnier"]
[Site "Frankfurt-Zeilsheim"]
[Date "2018.??.??"]
[Round "6.5"]
[White "Bajorski, Marius"]
[Black "Finke, Kai"]
[Result "1/2-1/2"]
[WhiteElo "1911"]
[BlackElo "2054"]
[PlyCount "72"]
[EventDate "2018.??.??"]
[EventType "swiss"]
[EventRounds "7"]
[EventCountry "GER"]
[WhiteTeam "SV Hofheim"]
[BlackTeam "SG Porz"]

1. e4 c5 2. Nf3 d6 3. Bb5+ Nd7 4. O-O a6 5. Bd3 Ne5 6. Nxe5 dxe5 7. b3 e6 8.
Bb2 f6 9. Qe2 Ne7 10. c3 Nc6 11. Na3 Be7 12. Rac1 O-O 13. Rfd1 b5 14. Bb1 Qb6
15. Nc2 Rd8 16. Ne3 Ra7 17. h3 Rad7 18. Bc2 Bf8 19. Ra1 Bb7 20. Kf1 Kh8 21. Kg1
g6 22. Bc1 Bg7 23. Kh1 Nd4 24. cxd4 exd4 25. Bb2 d3 26. Bxd3 Rxd3 27. Nd5 exd5
28. Qxd3 dxe4 29. Qe3 Rd3 30. Qf4 h6 31. Rac1 Qc6 32. Qg4 Kh7 33. Qe2 Qd5 34.
Kg1 Qg5 35. Qg4 Qd5 36. Qe2 Qg5 1/2-1/2

[Event "HEM A-Turnier"]
[Site "Frankfurt-Zeilsheim"]
[Date "2018.??.??"]
[Round "6.6"]
[White "Romero Flores, Antonio Cesar Feli"]
[Black "Gries, Volker"]
[Result "0-1"]
[WhiteElo "1964"]
[BlackElo "2084"]
[PlyCount "120"]
[EventDate "2018.??.??"]
[EventType "swiss"]
[EventRounds "7"]
[EventCountry "GER"]
[WhiteTeam "VSG Offenbach"]
[BlackTeam "SV Oberursel"]

1. c4 e5 2. g3 Nf6 3. Bg2 Nc6 4. Nc3 Bb4 5. Nf3 O-O 6. O-O Re8 7. d3 Bxc3 8.
bxc3 e4 9. Nd4 exd3 10. exd3 Ne5 11. f4 Ng6 12. Qa4 c6 13. Bd2 d5 14. c5 Nf8
15. f5 N8d7 16. Qa3 Ne5 17. Bf4 Nxd3 18. Bd6 Ne5 19. Bxe5 Rxe5 20. Rae1 Qe7 21.
Nf3 Re4 22. Rxe4 Nxe4 23. Nd4 Qxc5 24. Qxc5 Nxc5 25. Rb1 Bd7 26. Re1 Kf8 27.
Kf1 Re8 28. f6 Rxe1+ 29. Kxe1 gxf6 30. Ke2 Ke7 31. Ke3 Kd6 32. Bf1 b5 33. Be2
Ne4 34. c4 bxc4 35. Bxc4 Nxg3 36. Bd3 c5 37. hxg3 cxd4+ 38. Kxd4 f5 39. Be2 f6
40. Bh5 Bb5 41. Bf7 Bc4 42. a3 Ba2 43. Be8 Bb1 44. Bh5 Be4 45. Be8 Ke7 46. Bh5
Kf8 47. Bd1 Kg7 48. Ke3 Kh6 49. Kf4 Bb1 50. Bf3 d4 51. Bd1 Kg6 52. Ba4 Kf7 53.
Bb3+ Ke7 54. Bg8 h6 55. Bc4 Bc2 56. Ba2 Kd6 57. Bf7 Kc5 58. Kf3 Kb5 59. Ke2 Ka4
60. Kd2 Be4 0-1

[Event "HEM A-Turnier"]
[Site "Frankfurt-Zeilsheim"]
[Date "2018.??.??"]
[Round "6.7"]
[White "Kuhn, Luis"]
[Black "Rolf, Marco"]
[Result "0-1"]
[WhiteElo "1974"]
[BlackElo "2069"]
[PlyCount "60"]
[EventDate "2018.??.??"]
[EventType "swiss"]
[EventRounds "7"]
[EventCountry "GER"]
[WhiteTeam "SC Flörsheim"]
[BlackTeam "SK Gernsheim"]

1. e4 e6 2. d4 d5 3. exd5 exd5 4. Nf3 Bg4 5. Be2 Bd6 6. O-O Nf6 7. b3 O-O 8. c4
c6 9. Ba3 Bxa3 10. Nxa3 Ne4 11. Qd3 Nd7 12. Nc2 Ndf6 13. Ne3 Bh5 14. Ne5 Bxe2
15. Qxe2 dxc4 16. N3xc4 Qxd4 17. Rad1 Nc3 18. Qb2 Qxd1 19. Rxd1 Nxd1 20. Qd2
Rad8 21. Nd3 Nxf2 22. Qxf2 Rxd3 23. Qxa7 Ng4 24. g3 b5 25. Na5 Re8 26. Qc5 Re1+
27. Kg2 Re2+ 28. Kh3 h5 29. Qxh5 Rxh2+ 30. Kxg4 Rd4+ 0-1

[Event "HEM A-Turnier"]
[Site "Frankfurt-Zeilsheim"]
[Date "2018.??.??"]
[Round "6.8"]
[White "Dios, Erwin Michael"]
[Black "Waffenschmidt, Joachim"]
[Result "0-1"]
[WhiteElo "2020"]
[BlackElo "1995"]
[PlyCount "78"]
[EventDate "2018.??.??"]
[EventType "swiss"]
[EventRounds "7"]
[EventCountry "GER"]
[WhiteTeam "SK Gießen"]
[BlackTeam "SC Brett vorm Kopp"]

1. g3 e6 2. Bg2 c5 3. Nf3 Nc6 4. d3 b6 5. O-O Bb7 6. Nbd2 Nf6 7. e4 d6 8. Re1
Be7 9. e5 dxe5 10. Nxe5 Qc7 11. Ndc4 Nxe5 12. Nxe5 Bxg2 13. Kxg2 O-O 14. Bg5 h6
15. Bxf6 Bxf6 16. f4 Rad8 17. Qf3 Rd5 18. Nc4 Rfd8 19. a4 a6 20. Re2 Bd4 21.
Ra2 b5 22. axb5 axb5 23. Nd2 c4 24. dxc4 bxc4 25. Ra4 Ba7 26. Nxc4 Qc5 27. b3
Rd1 28. Ra5 Qg1+ 29. Kh3 R1d5 30. Rg2 Qd4 31. Rd2 Qg1 32. Qg2 Rxd2 33. Nxd2
Qxg2+ 34. Kxg2 Rxd2+ 35. Kf3 Bg1 36. Ra8+ Kh7 37. Rc8 Rxh2 38. b4 f5 39. b5
Rf2+ 0-1

[Event "HEM A-Turnier"]
[Site "Frankfurt-Zeilsheim"]
[Date "2018.??.??"]
[Round "6.9"]
[White "Rutsatz, Mario"]
[Black "Bakiev, Diyor"]
[Result "1/2-1/2"]
[WhiteElo "1997"]
[BlackElo "1752"]
[PlyCount "79"]
[EventDate "2018.??.??"]
[EventType "swiss"]
[EventRounds "7"]
[EventCountry "GER"]
[WhiteTeam "SF Frankfurt"]
[BlackTeam "SV Ffm-Griesheim"]

1. c4 e5 2. g3 Nf6 3. Bg2 Bc5 4. Nc3 O-O 5. e3 Nc6 6. Nge2 d6 7. O-O Bf5 8. a3
a5 9. d4 exd4 10. exd4 Bb6 11. Bg5 h6 12. Bxf6 Qxf6 13. Nd5 Qd8 14. Nxb6 cxb6
15. Nc3 Rc8 16. Re1 Re8 17. Rxe8+ Qxe8 18. Nd5 Be4 19. Nxb6 Rc7 20. f3 Bf5 21.
Nd5 Rd7 22. Qd2 Qb8 23. Re1 Qa7 24. g4 Nxd4 25. Qf2 Be6 26. Rd1 Bxd5 27. Qxd4
Qxd4+ 28. Rxd4 Be6 29. b4 axb4 30. axb4 Kf8 31. h3 g6 32. f4 f5 33. Bf3 Ke7 34.
Kf2 Rc7 35. Be2 b6 36. Bf3 Ra7 37. h4 Ra2+ 38. Kg3 Ra3 39. Kf2 Ra2+ 40. Kg3
1/2-1/2

[Event "HEM A-Turnier"]
[Site "Frankfurt-Zeilsheim"]
[Date "2018.??.??"]
[Round "6.10"]
[White "Leimeister, Erhard"]
[Black "Kuhn, Gerhard"]
[Result "1/2-1/2"]
[WhiteElo "2214"]
[BlackElo "1982"]
[PlyCount "36"]
[EventDate "2018.??.??"]
[EventType "swiss"]
[EventRounds "7"]
[EventCountry "GER"]
[WhiteTeam "SC Eschborn"]
[BlackTeam "SK Marburg"]

1. d4 Nf6 2. c4 g6 3. Nc3 d5 4. Nf3 Bg7 5. Qb3 dxc4 6. Qxc4 O-O 7. e4 Na6 8.
Be2 c5 9. d5 e6 10. O-O exd5 11. exd5 Re8 12. Rd1 Bf5 13. a3 Ne4 14. Be3 Nd6
15. Qb3 Nc7 16. Rd2 b6 17. Rad1 h6 18. h3 Re7 1/2-1/2

[Event "HEM A-Turnier"]
[Site "Frankfurt-Zeilsheim"]
[Date "2018.??.??"]
[Round "6.11"]
[White "Calvi, Stefan"]
[Black "Sever, Mustafa Batuhan"]
[Result "1/2-1/2"]
[WhiteElo "2050"]
[BlackElo "1960"]
[PlyCount "46"]
[EventDate "2018.??.??"]
[EventType "swiss"]
[EventRounds "7"]
[EventCountry "GER"]
[WhiteTeam "SF Frankfurt"]
[BlackTeam "SV Großauheim"]

1. e4 c5 2. c3 d5 3. exd5 Qxd5 4. d4 Nf6 5. Nf3 e6 6. Be2 Be7 7. O-O O-O 8. Be3
cxd4 9. cxd4 Nc6 10. Nc3 Qd8 11. a3 b6 12. Ne5 Bb7 13. Bf3 Rc8 14. Qa4 Nd5 15.
Nxd5 exd5 16. Rac1 Nxe5 17. dxe5 Rxc1 18. Rxc1 Bg5 19. Bxg5 Qxg5 20. Rd1 Qxe5
21. Qxa7 Re8 22. h3 Qc7 23. Bxd5 Rd8 1/2-1/2

[Event "HEM A-Turnier"]
[Site "Frankfurt-Zeilsheim"]
[Date "2018.??.??"]
[Round "6.12"]
[White "Krueger, Till"]
[Black "Muth, Andreas"]
[Result "0-1"]
[WhiteElo "1989"]
[BlackElo "2042"]
[PlyCount "82"]
[EventDate "2018.??.??"]
[EventType "swiss"]
[EventRounds "7"]
[EventCountry "GER"]
[WhiteTeam "SC Nidderau"]
[BlackTeam "Sfr. Wieseck"]

1. e4 c5 2. Nf3 Nc6 3. Bb5 e6 4. c3 Nge7 5. O-O a6 6. Bd3 d5 7. exd5 Nxd5 8.
Be4 Be7 9. d4 cxd4 10. cxd4 O-O 11. Nc3 Bf6 12. a3 b5 13. Qd3 h6 14. Re1 Na5
15. Ne5 Bb7 16. Qg3 Kh8 17. Qh3 Bg5 18. Nxd5 Bxd5 19. Bxd5 exd5 20. f4 Bf6 21.
Qh5 Nb3 22. Rb1 Kg8 23. Be3 Rc8 24. Rf1 Na5 25. Rbd1 Nc4 26. Bc1 Nd6 27. Rf3
Ne4 28. Rh3 Rc2 29. Be3 Qe8 30. g4 Bxe5 31. fxe5 f6 32. Rf3 Qxh5 33. gxh5 Rxb2
34. Bf4 fxe5 35. dxe5 Ng5 36. Bxg5 Rxf3 37. Bh4 Re2 38. Rxd5 Rxa3 39. Kf1 Rxh2
40. Be1 Ra1 41. Kg1 Re2 0-1

[Event "HEM A-Turnier"]
[Site "Frankfurt-Zeilsheim"]
[Date "2018.??.??"]
[Round "6.13"]
[White "Fucik, Timo"]
[Black "Jayakumar, Nivesh"]
[Result "1-0"]
[WhiteElo "2024"]
[BlackElo "1687"]
[PlyCount "61"]
[EventDate "2018.??.??"]
[EventType "swiss"]
[EventRounds "7"]
[EventCountry "GER"]
[WhiteTeam "SK Ettlingen"]
[BlackTeam "SV Ffm-Griesheim"]

1. d4 Nf6 2. Bg5 e6 3. e4 Be7 4. Nd2 d6 5. Ngf3 Nbd7 6. h3 e5 7. dxe5 Nxe5 8.
Nxe5 dxe5 9. Bc4 Qd6 10. Qf3 Be6 11. Bxf6 Bxf6 12. Qb3 Bg5 13. Nf3 Bxc4 14.
Qxc4 Bf6 15. Rd1 Qb6 16. O-O c6 17. b3 O-O 18. Rd7 Rad8 19. Rfd1 h5 20. g4 hxg4
21. hxg4 g5 22. a4 a5 23. c3 Kg7 24. Qe6 Rxd7 25. Rxd7 Qc5 26. Kg2 Kg6 27. Qf5+
Kg7 28. Nxg5 Bxg5 29. Qxg5+ Kh8 30. Qh6+ Kg8 31. g5 1-0